Soupis seriálových publikací z vybraných kapitalistických zemí k tematice prioritních směrů KP VTP členských zemí RVHP do roku 2000. ÚVTEI 5749 /

Na minha lista:
Detalhes bibliográficos
Main Authors: Medková, Ivana (Author), Trnková, Marie (Author)
Formato: Livro
Publicado em: Praha : ÚVTEI, 1989
Tags: Adicionar Tag
Sem tags, seja o primeiro a adicionar uma tag!

MARC

LEADER 00000nam a22000003a 4500
001 stu16632
005 20150617225758.0
008 ------s1989----cs----------------------d
040 |a STU  |b slo 
041 0
044 |a cs 
080 |a 330.341.1 
100 1 |a Medková, Ivana  |4 aut 
245 1 |a Soupis seriálových publikací z vybraných kapitalistických zemí k tematice prioritních směrů KP VTP členských zemí RVHP do roku 2000. ÚVTEI 5749 /  |c [aut.]Medková,Ivana, Trnková,Marie 
260 |a Praha :  |b ÚVTEI,  |c 1989 
300 |a 31 s 
700 1 |a Trnková, Marie  |4 aut 
996 |b CB1004  |c C*B1004  |l CCXIV  |s P  |a 0  |w stu16632_0001